Enfermedades de los ojos, de las fosas nasales, de la laringe y de los oídos / (Record no. 159372)
[ view plain ]
| 000 -LEADER | |
|---|---|
| campo de control de longitud fija | 01077nam a2200265 i 4500 |
| 001 - NÚMERO DE CONTROL | |
| campo de control | 159372 |
| 003 - IDENTIFICADOR DE NÚMERO DE CONTROL | |
| campo de control | ES-MaACL |
| 005 - FECHA Y HORA DE LA ÚLTIMA TRANSACCIÓN | |
| campo de control | 20251015170208.0 |
| 008 - DATOS DE LONGITUD FIJA--INFORMACIÓN GENERAL | |
| campo de control de longitud fija | 170505s1911 sp |||| | spa d |
| 100 1# - ENTRADA PRINCIPAL--NOMBRE DE PERSONA | |
| Nombre de persona | Bach, L. |
| 9 (RLIN) | 162537 |
| 245 10 - MENCIÓN DEL TÍTULO | |
| Título | Enfermedades de los ojos, de las fosas nasales, de la laringe y de los oídos / |
| Mención de responsabilidad, etc. | por los profesores L. Bach, von Eicken y W. Kümmel ; traducción directa del alemán por E. García del Real. |
| 260 ## - PUBLICACIÓN, DISTRIBUCIÓN, ETC. | |
| Lugar de publicación, distribución, etc. | Madrid : |
| Nombre del editor, distribuidor, etc. | Saturnino Calleja Fernández, |
| Fecha de publicación, distribución, etc. | 1911. |
| 300 ## - DESCRIPCIÓN FÍSICA | |
| Extensión | 61 p. ; |
| Dimensiones | 24 cm. |
| 490 1# - MENCIÓN DE SERIE | |
| Mención de serie | Anuario de ciencias médicas. Segunda serie ; |
| Designación de volumen o secuencia | 11 |
| 650 #4 - PUNTO DE ACCESO ADICIONAL DE MATERIA--TÉRMINO DE MATERIA | |
| Término de materia o nombre geográfico como elemento de entrada | Ojos- |
| Subdivisión general | Enfermedades. |
| 9 (RLIN) | 139434 |
| 650 #4 - PUNTO DE ACCESO ADICIONAL DE MATERIA--TÉRMINO DE MATERIA | |
| Término de materia o nombre geográfico como elemento de entrada | Nariz- |
| Subdivisión general | Enfermedades. |
| 9 (RLIN) | 170899 |
| 650 #4 - PUNTO DE ACCESO ADICIONAL DE MATERIA--TÉRMINO DE MATERIA | |
| Término de materia o nombre geográfico como elemento de entrada | Laringe- |
| Subdivisión general | Enfermedades. |
| 9 (RLIN) | 157105 |
| 650 #4 - PUNTO DE ACCESO ADICIONAL DE MATERIA--TÉRMINO DE MATERIA | |
| Término de materia o nombre geográfico como elemento de entrada | Oído- |
| Subdivisión general | Enfermedades. |
| 9 (RLIN) | 136645 |
| 700 1# - ENTRADA AGREGADA--NOMBRE PERSONAL | |
| Nombre de persona | Eicken. |
| 9 (RLIN) | 162538 |
| 700 1# - ENTRADA AGREGADA--NOMBRE PERSONAL | |
| Nombre de persona | Kümmel, W. |
| 9 (RLIN) | 162539 |
| 700 0# - ENTRADA AGREGADA--NOMBRE PERSONAL | |
| Nombre de persona | García del Real, Eduardo, |
| Fechas asociadas al nombre | 1870-1946 |
| 9 (RLIN) | 54523 |
| 830 0# - PUNTO DE ACCESO ADICIONAL DE SERIE-TÍTULO UNIFORME | |
| Título uniforme | Anuario de ciencias médicas. Segunda serie ; |
| Designación de volumen o secuencia | 11 |
| 9 (RLIN) | 180969 |
| 852 ## - LOCALIZACIÓN | |
| Ubicación | ES-MaACL |
| Número de control de estantería | B-11066(5) |
| Nota libre | - Encuadernado con otras obras |
| Estatus retirado | Estado de pérdida | Estado de daño | No para préstamo | Biblioteca de origen | Biblioteca actual | Ubicación en estantería | Fecha de adquisición | Fuente de adquisición | Total de préstamos | Signatura topográfica completa | Código de barras | Visto por última vez | Precio de reemplazo | Tipo de ítem Koha |
|---|---|---|---|---|---|---|---|---|---|---|---|---|---|---|
| Biblioteca del Ateneo de Madrid | Biblioteca del Ateneo de Madrid | Sala Pardo Bazán | 05/05/2017 | B-11066(5) | 1197524 | 23/02/2023 | 23/02/2023 | Libro impreso |
